LEADER 01303nam a2200301 u 4500 001 000000115884 003 CaOOAMICUS 005 20090528105335.0 008 090528s2008 it aj u000 u ita r 020 $z978-88-8334-365-0* 040 $aPUL$bita$dLDB 041 0 $aita$aeng$afre 245 00$aDonne di potere nel Rinascimento /$ca cura di Letizia Arcangeli e Susanna Peyronel. 260 $aRoma :$bViella,$cc2008. 300 $a831 p., :$bill., tav. geneal. ;$c22 cm 490 1 $aLibri di Viella ;$v85 504 $aInclude riferimenti bibliografici ed indice. 546 $aTesti in italiano, inglese e francese. 650 4$aDonne$yRinascimento.$0(OLS)http://pul/subject/33280 700 1 $aPeyronel Rambaldi, Susanna,$d1942-$0(OLS)http://pul/name/71908 700 1 $aArcangeli, Letizia.$0(OLS)http://pul/name/71907 830 0$aLibri di Viella ;$v85.$0(OLS)http://pul/title/21724 850 $aPUL 852 $aPUL$W1$xSL Diritto e Scienze Sociali 3$y79$m305. 42 ARCLE 1$j132781$qDDC 21$B131778$CPULBib$Z2$F131778 $H110524 $82 941 1 $a9 996 $6020$z978-88-8334-365-0*$9(OLS)http://pul/number/140880 996 $6245$aDonne di potere nel Rinascimento$9(OLS)http://pul/title/145621 996 $6260$aRoma :$bViella$9(OLS)http://pul/publisher/54599 LEADER 01403nam a2200301 a 4500 001 000000149887 003 CaOOAMICUS 005 20160301123328.0 008 160301s1994 fr u000 u fre r 032 $aLibriCat 040 $aPUL$bita 100 1 $aAndia, Ysabel de.$0(OLS)http://pul/name/10599 245 10$aMystiques d'Orient et d'Occident /$cYsabel de Andia ; préfaces de Mgr Christoph Schönborn et du père Boris Bobrinskoy. 260 $aBégrolles-en-Mauges (Maine-&-Loire) :$bAbbaye de Bellefontaine,$c©1994. 300 $a438 p. ;$c21 cm. 490 1 $aSpiritualité orientale. Série Dialogue ;$v62 504 $aBibliografia in nota. 650 4$aSpiritualità.$0(OLS)http://pul/subject/843 650 4$aMistici.$0(OLS)http://pul/subject/35588 700 1 $aSchönborn, Christoph von,$ccard.,$d1945-$0(OLS)http://pul/name/11337 700 1 $aBobrinskoy, Boris,$csac.$0(OLS)http://pul/name/95488 830 0$aSpiritualité orientale$pSérie Dialogue ;$v62.$0(OLS)http://pul/title/188932 850 $aPUL 852 $aPUL$W1$xDP1 Fondo Bordoni$y120$m3 K 6$j167500$qFondi$B174297$CPULBib$Z2$F174297 $HBor1886 $81 941 1 $a1 996 $6245$aMystiques d'Orient et d'Occident$9(OLS)http://pul/title/188931 996 $6260$aBégrolles-en-Mauges (Maine-&-Loire) :$bAbbaye de Bellefontaine$9(OLS)http://pul/publisher/84639